[Event "AUS-ch Major"]
[Site "Sydney"]
[Date "2020.01.13"]
[Round "11"]
[White "Barakat, Martin"]
[Black "Pan, Jason1111"]
[Result "0-1"]
[WhiteElo "1833"]
[BlackElo "1565"]
[PlyCount "138"]
[EventDate "2020.01.02"]
[EventType "swiss"]
[EventRounds "11"]
[EventCountry "AUS"]
[SourceTitle "EXT 2021"]
[Source "ChessBase"]
[SourceDate "2020.10.23"]
[SourceVersion "1"]
[SourceVersionDate "2020.10.23"]
[SourceQuality "1"]

1. d4 d5 2. Bf4 Bf5 3. Nf3 Nf6 4. e3 e6 5. Bd3 Bg6 6. Ne5 Bxd3 7. Qxd3 c6 8. Nd2 Nbd7 9. Ndf3 Nh5 10. Bg3 Nxg3 11. hxg3 h6 12. g4 Nxe5 13. Nxe5 Bd6 14. f4 Qb6 15. 0-0-0 Bxe5 16. dxe5 0-0-0 17. Rhf1 Rd7 18. e4 Rhd8 19. exd5 Rxd5 20. Qa3 Rxd1+ 21. Rxd1 Rxd1+ 22. Kxd1 Qg1+ 23. Kd2 Qxg2+ 24. Kd1 Qg1+ 25. Kd2 Qf2+ 26. Kd1 Qd4+ 27. Ke1 c5 28. Qxa7 Qe3+ 29. Kd1 Qf3+ 30. Ke1 Qg3+ 31. Ke2 Qxg4+ 32. Ke3 Qg3+ 33. Ke4 Qe1+ 34. Kf3 Qd1+ 35. Ke3 Qc1+ 36. Kd3 Qd1+ 37. Ke3 Qc1+ 38. Kd3 Qd1+ 39. Ke3 Qd4+ 40. Kf3 g5 41. Qa8+ Kc7 42. fxg5 hxg5 43. Qf8 Qf4+ 44. Kg2 Qe4+ 45. Kf1 Qf4+ 46. Kg1 Qc1+ 47. Kg2 Qxc2+ 48. Kf3 Qd3+ 49. Kf2 Qd4+ 50. Kg2 Qxb2+ 51. Kf3 Qxe5 52. Qxf7+ Kb6 53. Qe8 Qf4+ 54. Ke2 Qc4+ 55. Ke3 Qf4+ 56. Ke2 e5 57. a4 Qc4+ 58. Kf2 Qd4+ 59. Ke2 e4 60. Qb5+ Ka7 61. Qa5+ Kb8 62. Qb6 Qc4+ 63. Kf2 Qd4+ 64. Kg3 e3 65. Qe6 Qf4+ 66. Kg2 Qf2+ 67. Kh3 e2 68. Qd6+ Ka7 69. a5 Qf3+ 0-1

[Event "AUS-ch Major"]
[Site "Sydney"]
[Date "2020.01.04"]
[Round "3"]
[White "Barakat, Martin"]
[Black "Munro, Thorin J"]
[Result "0-1"]
[WhiteElo "1744"]
[BlackElo "1892"]
[PlyCount "110"]
[EventDate "2020.01.02"]
[EventType "swiss"]
[EventRounds "11"]
[EventCountry "AUS"]
[SourceTitle "CBM 195 Extra"]
[Source "ChessBase"]
[SourceDate "2020.05.31"]
[SourceVersion "1"]
[SourceVersionDate "2020.05.31"]
[SourceQuality "1"]

1. d4 Nf6 2. Bf4 d5 3. Nf3 Bg4 4. e3 e6 5. Bd3 Bd6 6. Bg3 0-0 7. Nbd2 c5 8. c3 Nc6 9. Qc2 c4 10. Be2 Bf5 11. Qd1 h6 12. Ne5 Qc7 13. Ndf3 Ne4 14. Nxc6 Nxg3 15. Ne7+ Qxe7 16. hxg3 b5 17. Nd2 e5 18. dxe5 Bxe5 19. Nf3 Be4 20. Nxe5 Qxe5 21. 0-0 b4 22. Qd4 Qxd4 23. exd4 bxc3 24. bxc3 Rab8 25. Rfe1 Rfe8 26. Bf3 Rb2 27. Bd1 Kf8 28. a4 a5 29. Bf3 f5 30. Ra3 Bxf3 31. Rxe8+ Kxe8 32. gxf3 Rb3 33. Ra1 Rxc3 34. Kf1 Rxf3 35. Re1+ Kd7 36. Re5 Kd6 37. Ke2 Rd3 38. Rxf5 Rxd4 39. Ke3 Rd3+ 40. Ke2 Ke6 41. Rf8 Ra3 42. Re8+ Kf5 43. f3 d4 44. g4+ Kf6 45. Rd8 d3+ 46. Ke3 Rxa4 47. Rd4 Rb4 48. f4 a4 49. Rd6+ Ke7 50. Ra6 Kd7 51. Ra7+ Ke8 52. Rxg7 Rb6 53. Ra7 Re6+ 54. Kd2 Re2+ 55. Kd1 c3 0-1

[Event "AUS-ch Major"]
[Site "Cammeray"]
[Date "2018.01.11"]
[Round "10"]
[White "Barakat, Martin"]
[Black "Marsh, Luke"]
[Result "1/2-1/2"]
[WhiteElo "1707"]
[BlackElo "1723"]
[PlyCount "35"]
[EventDate "2018.01.02"]
[EventType "swiss"]
[EventRounds "11"]
[EventCountry "AUS"]
[SourceTitle "CBM 182 Extra"]
[Source "ChessBase"]
[SourceDate "2018.02.23"]
[SourceVersion "1"]
[SourceVersionDate "2018.02.23"]
[SourceQuality "1"]

1. e4 e6 2. d4 d5 3. exd5 exd5 4. Nf3 Nf6 5. Bd3 Bd6 6. Bg5 0-0 7. 0-0 Bg4 8. Re1 Nbd7 9. h3 Bh5 10. g4 Bg6 11. Ne5 Bxd3 12. Qxd3 Re8 13. Qf5 c5 14. Nc3 cxd4 15. Nxd7 Qxd7 16. Qxd7 Nxd7 17. Nxd5 f6 18. Bh4 1/2-1/2

[Event "AUS-ch Major"]
[Site "Cammeray"]
[Date "2018.01.08"]
[Round "7"]
[White "Kiripitige, Punala"]
[Black "Barakat, Martin"]
[Result "0-1"]
[WhiteElo "1939"]
[BlackElo "1707"]
[PlyCount "94"]
[EventDate "2018.01.02"]
[EventType "swiss"]
[EventRounds "11"]
[EventCountry "AUS"]
[SourceTitle "CBM 182 Extra"]
[Source "ChessBase"]
[SourceDate "2018.02.23"]
[SourceVersion "1"]
[SourceVersionDate "2018.02.23"]
[SourceQuality "1"]

1. d4 Nf6 2. Nf3 g6 3. Bf4 Bg7 4. e3 d6 5. h3 Nbd7 6. Be2 0-0 7. c4 Nh5 8. Bh2 e5 9. 0-0 e4 10. Nfd2 f5 11. Bxh5 gxh5 12. Qxh5 Nc5 13. Nc3 Nd3 14. Rab1 c6 15. Ne2 Rf6 16. Nf4 Rh6 17. Qe2 Nxf4 18. Bxf4 Rg6 19. Kh2 Bh6 20. Bxh6 Rxh6 21. f4 Be6 22. Rh1 Qf6 23. Kg1 Kh8 24. Rh2 Rg8 25. Kh1 Rhg6 26. Rg1 Bf7 27. g4 h6 28. Rgg2 Be6 29. gxf5 Qxf5 30. Rxg6 Rxg6 31. Qf2 Qh5 32. b3 Bxh3 33. Qe2 Qf5 34. Qf2 Rg7 35. Qh4 Qg6 36. Qf2 Qg4 37. Nf1 d5 38. c5 b6 39. b4 b5 40. f5 Kg8 41. f6 Rg6 42. f7+ Kf8 43. a4 a6 44. axb5 axb5 45. Rxh3 Qxh3+ 46. Nh2 Qg3 47. Qf1 Rg7 0-1